[Event "XXVI Ogolnopolska Olimpiada Mlodziezy"]
[Site "Pulawy"]
[Date "2020.10.08"]
[Round "6.4"]
[White "Uliasz, Katarzyna"]
[Black "Tokarz, Izabela"]
[Result "1/2-1/2"]
[WhiteElo "1495"]
[BlackElo "1549"]
[PlyCount "102"]
[EventDate "2020.10.04"]
[EventType "swiss"]
[Tiebreak "Sum of Buchholz+Median1 Buchholz+Sonneborn-Berger (Swiss)"]

1. Nf3 d5 2. g3 c5 3. Bg2 Nc6 4. d3 Nf6 5. O-O Bg4 6. Nbd2 e5 7. h3 Bh5 8. e4
d4 9. Qe2 Bd6 10. c4 dxc3 11. bxc3 Be7 12. a4 Qc7 13. Nc4 Bxf3 14. Bxf3 O-O 15.
Bg2 Na5 16. Nxa5 Qxa5 17. Bd2 Rad8 18. f4 c4 19. dxc4 Rd7 20. f5 Rc8 21. g4
Qc5+ 22. Rf2 Qxc4 23. Qxc4 Rxc4 24. Re2 h6 25. Bf3 Nh7 26. Kg2 Ng5 27. Ra2 Rd3
28. Re3 Rxe3 29. Bxe3 Rxc3 30. Bxg5 Bxg5 31. Kf2 Kf8 32. Kg3 Ke7 33. Rb2 b6 34.
Rb5 f6 35. a5 Rc5 36. Rxc5 bxc5 37. Be2 Kd6 38. Bc4 Kc6 39. Kf3 Bd2 40. a6 Kb6
41. Ke2 Bc3 42. Kd3 Bd4 43. Kc2 Bf2 44. Kb3 Be1 45. Kc2 Ka5 46. Kb3 Bd2 47. Bd3
c4+ 48. Bxc4 Kb6 49. Kc2 Kc5 50. Kd3 Be1 51. Bd5 Bf2 1/2-1/2

[Event "XXVI Ogolnopolska Olimpiada Mlodziezy"]
[Site "Pulawy"]
[Date "2020.10.08"]
[Round "6.5"]
[White "Barwinska, Ewa"]
[Black "Kucharska, Helena"]
[Result "1-0"]
[WhiteElo "1742"]
[BlackElo "1727"]
[PlyCount "59"]
[EventDate "2020.10.04"]
[EventType "swiss"]
[Tiebreak "Sum of Buchholz+Median1 Buchholz+Sonneborn-Berger (Swiss)"]

1. e4 e6 2. d4 d5 3. Nc3 Nf6 4. Bg5 Be7 5. e5 Nfd7 6. Bxe7 Qxe7 7. f4 O-O 8.
Nf3 a6 9. Bd3 c5 10. Bxh7+ Kxh7 11. Ng5+ Kg6 12. Qd3+ f5 13. exf6+ Kxf6 14. O-O
Nb6 15. Rf3 Qc7 16. Nh7+ Ke7 17. Nxf8 Kxf8 18. Qh7 Qf7 19. f5 exf5 20. Re1 Bd7
21. dxc5 Nc4 22. Qh8+ Qg8 23. Rxf5+ Bxf5 24. Re8+ Kxe8 25. Qxg8+ Ke7 26. Qxg7+
Ke6 27. Qg8+ Ke7 28. Nxd5+ Kd7 29. Qf7+ Kc6 30. Ne7+ {Kd5} 1-0

[Event "XXVI Ogolnopolska Olimpiada Mlodziezy"]
[Site "Pulawy"]
[Date "2020.10.08"]
[Round "6.5"]
[White "Bochniak, Franciszek"]
[Black "Zielonka, Adam"]
[Result "1/2-1/2"]
[WhiteElo "1458"]
[BlackElo "1736"]
[PlyCount "61"]
[EventDate "2020.10.04"]
[EventType "swiss"]
[Tiebreak "Sum of Buchholz+Median1 Buchholz+Sonneborn-Berger (Swiss)"]

1. d4 Nf6 2. c4 e6 3. Nc3 Bb4 4. Nf3 b6 5. e3 Bb7 6. Bd3 Ne4 7. Qc2 Bxc3+ 8.
bxc3 f5 9. O-O d6 10. Nd2 Nxd2 11. Bxd2 O-O 12. f3 Nd7 13. a4 a5 14. Qb3 Qf6
15. Qc2 Qd8 16. e4 fxe4 17. Bxe4 Bxe4 18. Qxe4 e5 19. Be1 Nf6 20. Qd3 Qe8 21.
Bg3 e4 22. Qd2 exf3 23. Rxf3 Ne4 24. Qd3 Rxf3 25. Qxf3 Nxg3 26. Qxg3 Qd7 27.
Qf3 Rf8 28. Qd5+ Qf7 29. Qxf7+ Rxf7 30. Re1 Kf8 31. Rf1 1/2-1/2

[Event "XXVI Ogolnopolska Olimpiada Mlodziezy"]
[Site "Pulawy"]
[Date "2020.10.08"]
[Round "6.5"]
[White "Halhoul, Adam"]
[Black "Dziewonski, Dariusz"]
[Result "1-0"]
[WhiteElo "1718"]
[BlackElo "2014"]
[PlyCount "71"]
[EventDate "2020.10.04"]
[EventType "swiss"]
[Tiebreak "Sum of Buchholz+Median1 Buchholz+Sonneborn-Berger (Swiss)"]

1. d4 d5 2. c4 e6 3. Nc3 Nf6 4. cxd5 exd5 5. Bg5 Be7 6. e3 c6 7. Bd3 Nbd7 8.
Nf3 Nh5 9. Bxe7 Qxe7 10. O-O O-O 11. Qc2 g6 12. Rab1 Nb6 13. b4 Ng7 14. a4 Bf5
15. Nd2 Bxd3 16. Qxd3 Nf5 17. a5 Nd7 18. b5 Qg5 19. a6 bxa6 20. bxc6 Nb6 21.
Nf3 Qf6 22. Ne5 Qe6 23. Ne2 f6 24. Nf4 Qc8 25. Nd7 Nxd7 26. cxd7 Qxd7 27. Qxa6
g5 28. Rb7 Qd6 29. Qd3 Ng7 30. Nh5 Rf7 31. Rxf7 Kxf7 32. Qxh7 Qf8 33. Rb1 Rc8
34. Rb7+ Ke6 35. g3 Rc1+ 36. Kg2 1-0

[Event "XXVI Ogolnopolska Olimpiada Mlodziezy"]
[Site "Pulawy"]
[Date "2020.10.08"]
[Round "6.5"]
[White "Lewicka, Joanna"]
[Black "Lazniewska, Zofia"]
[Result "0-1"]
[WhiteElo "1243"]
[BlackElo "1506"]
[PlyCount "146"]
[EventDate "2020.10.04"]
[EventType "swiss"]
[Tiebreak "Sum of Buchholz+Median1 Buchholz+Sonneborn-Berger (Swiss)"]

1. e4 c5 2. c3 d5 3. exd5 Qxd5 4. d4 Nf6 5. Nf3 e6 6. Be2 Nc6 7. O-O Be7 8. Na3
O-O 9. Nb5 Qd8 10. dxc5 Bxc5 11. Bf4 Nd5 12. Bg5 Be7 13. Bxe7 Qxe7 14. Bc4 Rd8
15. Nbd4 Nxd4 16. Nxd4 Nb6 17. Qb3 Nxc4 18. Qxc4 Rd5 19. Rfe1 Qc5 20. Qxc5 Rxc5
21. Rad1 Bd7 22. Nb3 Rc7 23. Rd2 Bc6 24. Red1 Bd5 25. h3 g6 26. Nd4 a6 27. a3
Kf8 28. Nc2 Bb3 29. Rc1 Ke7 30. Nd4 Bd5 31. Rdc2 Rac8 32. Kf1 h5 33. g3 Kf6 34.
Ke2 Rd8 35. c4 Bg2 36. Ke3 Bxh3 37. c5 e5 38. Nf3 Bf5 39. Rc3 Rc6 40. b4 Be6
41. a4 Bg4 42. b5 axb5 43. axb5 Rc7 44. c6 Bxf3 45. Kxf3 bxc6 46. Rxc6+ Rxc6
47. bxc6 Rc8 48. Ke4 Ke6 49. c7 f5+ 50. Ke3 Kd6 51. f4 e4 52. Rd1+ Kxc7 53.
Rc1+ Kd7 54. Rxc8 Kxc8 55. Kd4 Kd7 56. Ke3 Kc6 57. Kd4 Kd6 58. Kc4 e3 59. Kd3
Kd5 60. Kxe3 Kc4 61. Kd2 Kd4 62. Ke2 Ke4 63. Kf2 Kd3 64. Kf3 Kd4 65. Kf2 Ke4
66. Ke2 h4 67. Kf2 hxg3+ 68. Kg2 Kxf4 69. Kf1 Kf3 70. Kg1 g2 71. Kh2 Kf2 72.
Kh3 g1=Q 73. Kh4 Qg4# 0-1

[Event "XXVI Ogolnopolska Olimpiada Mlodziezy"]
[Site "Pulawy"]
[Date "2020.10.08"]
[Round "6.6"]
[White "Jedraszek, Pawel"]
[Black "Meers, Hubert"]
[Result "0-1"]
[WhiteElo "1816"]
[BlackElo "1988"]
[PlyCount "74"]
[EventDate "2020.10.04"]
[EventType "swiss"]
[Tiebreak "Sum of Buchholz+Median1 Buchholz+Sonneborn-Berger (Swiss)"]

1. e4 c6 2. d4 d5 3. Nc3 dxe4 4. Nxe4 Bf5 5. Ng3 Bg6 6. h4 h6 7. f4 e6 8. h5
Bh7 9. Nf3 Nd7 10. Bd3 Bxd3 11. Qxd3 Ngf6 12. Bd2 Qc7 13. O-O-O c5 14. Ne5 cxd4
15. Rhe1 Rc8 16. Nxd7 Nxd7 17. f5 Nc5 18. Qf3 Bd6 19. Ne4 Nxe4 20. Qxe4 e5 21.
Kb1 f6 22. c3 dxc3 23. Bxc3 Qc6 24. Qg4 O-O 25. Re3 b5 26. a3 Rfd8 27. Qg6 Bc5
28. Rxd8+ Rxd8 29. Rxe5 b4 30. axb4 Bxb4 31. Re1 Bxc3 32. bxc3 Rb8+ 33. Kc2
Qa4+ 34. Kd2 Rd8+ 35. Ke2 Re8+ 36. Kd2 Qa2+ 37. Kd1 Qb1+ 0-1

[Event "XXVI Ogolnopolska Olimpiada Mlodziezy"]
[Site "Pulawy"]
[Date "2020.10.08"]
[Round "6.6"]
[White "Obrochta, Lena"]
[Black "Bialek, Alicja"]
[Result "1-0"]
[WhiteElo "1765"]
[BlackElo "1457"]
[PlyCount "63"]
[EventDate "2020.10.04"]
[EventType "swiss"]
[Tiebreak "Sum of Buchholz+Median1 Buchholz+Sonneborn-Berger (Swiss)"]

1. e4 e5 2. Nc3 Nf6 3. Bc4 Bc5 4. d3 c6 5. f4 d5 6. exd5 Ng4 7. Nf3 Nf2 8. Qe2
Nxh1 9. d4 Bb4 10. Bd2 O-O 11. fxe5 Bxc3 12. Bxc3 cxd5 13. Bd3 Bg4 14. O-O-O a6
15. Rxh1 b5 16. Qf2 Nc6 17. Bd2 Bxf3 18. gxf3 Qb6 19. Qh4 g6 20. Qf6 Qxd4 21.
Re1 Nxe5 22. Rxe5 Rae8 23. Bf4 Qg1+ 24. Kd2 Qf2+ 25. Be2 Qd4+ 26. Kc1 h5 27. c3
Qg1+ 28. Kd2 d4 29. Bh6 dxc3+ 30. bxc3 Rd8+ 31. Kc2 Qxh2 32. Qg7# 1-0

[Event "XXVI Ogolnopolska Olimpiada Mlodziezy"]
[Site "Pulawy"]
[Date "2020.10.08"]
[Round "6.6"]
[White "Rozek, Michal"]
[Black "Musial, Igor"]
[Result "0-1"]
[WhiteElo "1442"]
[BlackElo "1722"]
[PlyCount "108"]
[EventDate "2020.10.04"]
[EventType "swiss"]
[Tiebreak "Sum of Buchholz+Median1 Buchholz+Sonneborn-Berger (Swiss)"]

1. e4 c5 2. Nf3 Nc6 3. Bb5 g6 4. Bxc6 dxc6 5. d3 Bg7 6. O-O Nf6 7. h3 O-O 8.
Nc3 Nd7 9. Be3 e5 10. Qd2 Qe7 11. Nh2 Re8 12. f4 exf4 13. Bxf4 Ne5 14. Nf3
Nxf3+ 15. Rxf3 Be6 16. Re1 c4 17. d4 Rad8 18. e5 Qd7 19. Rd1 f6 20. Rf2 fxe5
21. dxe5 Qc7 22. Qe1 Rxd1 23. Nxd1 Bf5 24. Re2 Qb6+ 25. Kh1 Qd4 26. Bg3 Qd7 27.
Nc3 Re6 28. Ne4 Bxe4 29. Rxe4 Qd5 30. Qe2 b5 31. Re3 a5 32. a3 c5 33. Re4 a4
34. Kh2 h5 35. h4 Bh6 36. Kh1 Qd2 37. Kh2 Qxe2 38. Rxe2 Kf7 39. Bf2 Rxe5 40.
Rxe5 Bf4+ 41. Kh3 Bxe5 42. Bxc5 Bxb2 43. Bb4 Ke6 44. g4 Ke5 45. gxh5 gxh5 46.
Kg3 Ke4 47. Kf2 Bd4+ 48. Ke2 Bf6 49. Be1 Be7 50. Kd2 Bxa3 51. Kc3 Be7 52. Bf2
a3 53. Be1 Bf6+ 54. Kb4 a2 0-1

[Event "XXVI Ogolnopolska Olimpiada Mlodziezy"]
[Site "Pulawy"]
[Date "2020.10.08"]
[Round "6.6"]
[White "Ziobrowska, Maja"]
[Black "Sprzeczka, Emilia"]
[Result "1-0"]
[WhiteElo "1483"]
[BlackElo "1488"]
[PlyCount "100"]
[EventDate "2020.10.04"]
[EventType "swiss"]
[Tiebreak "Sum of Buchholz+Median1 Buchholz+Sonneborn-Berger (Swiss)"]

1. e4 e5 2. Nf3 Nc6 3. Bc4 Nf6 4. d3 Bc5 5. c3 a6 6. O-O O-O 7. Nbd2 d6 8. Re1
Be6 9. Bb3 Bxb3 10. axb3 Ng4 11. Re2 f5 12. exf5 Rxf5 13. Ne4 Ba7 14. h3 Nh6
15. Bxh6 gxh6 16. Qd2 Qf8 17. Rae1 Qg7 18. Kh2 Kh8 19. Ng3 Rg8 20. Re4 Rf4 21.
d4 Rf6 22. Rg4 Qf7 23. Ree4 d5 24. Nxe5 Nxe5 25. Rxg8+ Kxg8 26. Rxe5 Rxf2 27.
Qxh6 c6 28. Qe3 Qf4 29. Re8+ Kg7 30. Qxf4 Rxf4 31. Nh5+ Kf7 32. Ra8 Rf5 33. Ng3
Rf2 34. Rxa7 Rxb2 35. Rxb7+ Ke6 36. Rb6 Kd6 37. b4 Rb3 38. Rxa6 Rxc3 39. b5 Rd3
40. Rxc6+ Kd7 41. Rh6 Rxd4 42. b6 Rb4 43. Rxh7+ Kc6 44. b7 Rxb7 45. Rxb7 Kxb7
46. Ne2 Kc6 47. g4 Kc5 48. g5 d4 49. Nxd4 Kxd4 50. g6 Kd5 1-0

[Event "XXVI Ogolnopolska Olimpiada Mlodziezy"]
[Site "Pulawy"]
[Date "2020.10.08"]
[Round "6.7"]
[White "Dallemura, Anna"]
[Black "Bukala, Weronika"]
[Result "0-1"]
[WhiteElo "1420"]
[BlackElo "1704"]
[PlyCount "112"]
[EventDate "2020.10.04"]
[EventType "swiss"]
[Tiebreak "Sum of Buchholz+Median1 Buchholz+Sonneborn-Berger (Swiss)"]

1. e4 c5 2. Nf3 Nc6 3. d4 cxd4 4. Nxd4 Nf6 5. Nc3 e5 6. Ndb5 Bb4 7. Nd6+ Ke7 8.
Nf5+ Kf8 9. Bc4 d5 10. exd5 Bxf5 11. dxc6 Qxd1+ 12. Kxd1 bxc6 13. Be3 Bxc3 14.
bxc3 Ne4 15. Re1 Kg8 16. Ke2 Nxc3+ 17. Kf1 Nd5 18. Bb3 Be6 19. Bd2 f6 20. f4
Nxf4 21. Bxf4 Bxb3 22. axb3 exf4 23. Re7 a5 24. Rae1 h6 25. Rc7 Kh7 26. Ree7
Rhg8 27. Rxc6 Rgc8 28. Rxf6 Rxc2 29. Rxf4 Rd8 30. Re2 Rc1+ 31. Kf2 Ra1 32. Rf3
Rb8 33. Kg3 Rb4 34. h3 h5 35. Rc2 Ra3 36. Rcc3 Rb5 37. Kh2 Re5 38. Rfd3 Re4 39.
Rf3 h4 40. Rc4 Rxc4 41. bxc4 Rxf3 42. gxf3 Kg6 43. f4 a4 44. c5 Kf7 45. Kg2 a3
46. c6 Ke7 47. Kf3 a2 48. c7 Kd7 49. Kg4 a1=Q 50. Kxh4 Qg1 51. Kh5 Kxc7 52. h4
Kd6 53. f5 Ke7 54. f6+ gxf6 55. Kh6 Kf7 56. h5 Qg7# 0-1

[Event "XXVI Ogolnopolska Olimpiada Mlodziezy"]
[Site "Pulawy"]
[Date "2020.10.08"]
[Round "6.7"]
[White "Karolczuk, Iwo"]
[Black "Wilk, Igor"]
[Result "1-0"]
[WhiteElo "2010"]
[BlackElo "1744"]
[PlyCount "69"]
[EventDate "2020.10.04"]
[EventType "swiss"]
[Tiebreak "Sum of Buchholz+Median1 Buchholz+Sonneborn-Berger (Swiss)"]

1. Nf3 Nf6 2. c4 e6 3. g3 d5 4. Bg2 Be7 5. O-O O-O 6. d4 Nbd7 7. Qc2 c6 8. b3
b6 9. Bb2 Bb7 10. Nc3 Qc7 11. e3 Rac8 12. Qe2 dxc4 13. bxc4 c5 14. Nb5 Qb8 15.
Rac1 Rfd8 16. Rfd1 Qa8 17. d5 exd5 18. Nh4 g6 19. cxd5 Bxd5 20. e4 Bxe4 21.
Bxf6 Nxf6 22. f3 Bc6 23. Qxe7 Nd5 24. Qe2 Re8 25. Qb2 Bxb5 26. Qxb5 Ne3 27. Re1
Qd5 28. Qb3 Qd4 29. Kh1 c4 30. Qa4 Qd2 31. Bh3 Rcd8 32. Ng2 c3 33. Nxe3 Rxe3
34. Red1 c2 35. Qxc2 1-0

[Event "XXVI Ogolnopolska Olimpiada Mlodziezy"]
[Site "Pulawy"]
[Date "2020.10.08"]
[Round "6.7"]
[White "Warchol, Kamil"]
[Black "Olszewski, Antoni"]
[Result "1-0"]
[WhiteElo "1875"]
[BlackElo "1412"]
[PlyCount "63"]
[EventDate "2020.10.04"]
[EventType "swiss"]
[Tiebreak "Sum of Buchholz+Median1 Buchholz+Sonneborn-Berger (Swiss)"]

1. e4 e5 2. Nf3 Nc6 3. Bc4 Bc5 4. c3 Nf6 5. d3 d6 6. a4 a6 7. Nbd2 h6 8. Nf1
O-O 9. Ng3 Be6 10. Ba2 Ba7 11. O-O Qd7 12. Nh4 d5 13. Qc2 Ne7 14. exd5 Nfxd5
15. Qe2 Nc6 16. Be3 f5 17. Ng6 Rf6 18. Nxe5 Nxe5 19. Bxa7 Nxd3 20. Qxd3 Rxa7
21. Rad1 Kh8 22. Bxd5 Bxd5 23. Qxd5 Rd6 24. Qf3 f4 25. Ne4 Rxd1 26. Rxd1 Qxa4
27. Rd8+ Kh7 28. h3 Qa1+ 29. Kh2 c5 30. Qd3 Qh1+ 31. Kxh1 b5 32. Nf6# 1-0

[Event "XXVI Ogolnopolska Olimpiada Mlodziezy"]
[Site "Pulawy"]
[Date "2020.10.08"]
[Round "6.7"]
[White "Zapalowska, Wiktoria"]
[Black "Slusarczyk, Anna"]
[Result "1/2-1/2"]
[WhiteElo "1209"]
[BlackElo "1330"]
[PlyCount "80"]
[EventDate "2020.10.04"]
[EventType "swiss"]
[Tiebreak "Sum of Buchholz+Median1 Buchholz+Sonneborn-Berger (Swiss)"]

1. e4 c5 2. Nf3 e6 3. d4 cxd4 4. Nxd4 a6 5. c4 Nf6 6. Nc3 d6 7. Be2 Be7 8. O-O
O-O 9. Be3 Nc6 10. Qd2 Bd7 11. a3 Rc8 12. Nxc6 Bxc6 13. f3 Nd7 14. Rfc1 Nc5 15.
Qc2 Bf6 16. b4 Nd7 17. Rab1 Nb6 18. b5 axb5 19. Nxb5 Na8 20. Qd2 d5 21. exd5
exd5 22. cxd5 Qxd5 23. Qxd5 Bxd5 24. Rxc8 Rxc8 25. Nd6 Rc7 26. Ne8 Re7 27.
Nxf6+ gxf6 28. Kf2 Nc7 29. Bc5 Re6 30. Rb4 Ne8 31. Rg4+ Ng7 32. Bd3 Rc6 33. Bb4
Be6 34. Rd4 Rc8 35. Be7 f5 36. Rd8+ Rxd8 37. Bxd8 Ne8 38. Be7 Nc7 39. Bb4 Nd5
40. g3 Kg7 1/2-1/2

[Event "XXVI Ogolnopolska Olimpiada Mlodziezy"]
[Site "Pulawy"]
[Date "2020.10.08"]
[Round "6.8"]
[White "Arciszewska, Zuzanna"]
[Black "Bar, Klaudia"]
[Result "0-1"]
[WhiteElo "1593"]
[BlackElo "1408"]
[PlyCount "128"]
[EventDate "2020.10.04"]
[EventType "swiss"]
[Tiebreak "Sum of Buchholz+Median1 Buchholz+Sonneborn-Berger (Swiss)"]

1. d4 f5 2. Nf3 Nf6 3. e3 g6 4. Bd3 Bg7 5. b3 d6 6. Bb2 O-O 7. O-O c5 8. Qe2 a6
9. Rd1 Qe8 10. Nbd2 Nbd7 11. dxc5 Nxc5 12. Bc4+ e6 13. Nd4 b5 14. Bd3 e5 15.
Nxb5 axb5 16. Bxb5 Qe7 17. Nc4 Rd8 18. a4 Bb7 19. b4 Na6 20. Nb6 Ra7 21. Ba3
Qc7 22. a5 Ne4 23. Bc4+ Kh8 24. Rd3 Ng5 25. Rad1 Ne4 26. f3 Nf6 27. Qd2 Bf8 28.
Bb2 Be7 29. f4 Rf8 30. Qc3 Qc6 31. R1d2 Ne4 32. Bd5 Nxc3 33. Bxc6 Bxc6 34. Rxc3
Bb5 35. Rd5 Be8 36. Nc8 Rb7 37. Nxe7 Rxe7 38. b5 Nc7 39. Rd1 Nxb5 40. Rb3 Kg8
41. c4 Na7 42. Rxd6 exf4 43. exf4 Nc6 44. a6 Ra7 45. Rb7 Rf7 46. Re6 Bd7 47.
Rd6 Be8 48. Rb6 Rfc7 49. Rd3 Na5 50. Rd8 Kf7 51. Rf6+ Ke7 52. Rdd6 Nxc4 53.
Rde6+ Kd7 54. Bd4 Ra8 55. Re2 Rc6 56. Rf8 Rcxa6 57. Rh8 h5 58. Rh7+ Kc6 59.
Rhe7 Bd7 60. Rc2 Ra4 61. Rg7 Be8 62. Be5 Kd5 63. Rb7 Nxe5 64. Rb5+ Bxb5 0-1

[Event "XXVI Ogolnopolska Olimpiada Mlodziezy"]
[Site "Pulawy"]
[Date "2020.10.08"]
[Round "6.8"]
[White "Borowik, Wojciech"]
[Black "Bartodziej, Bartosz"]
[Result "1/2-1/2"]
[WhiteElo "1759"]
[BlackElo "1775"]
[PlyCount "102"]
[EventDate "2020.10.04"]
[EventType "swiss"]
[Tiebreak "Sum of Buchholz+Median1 Buchholz+Sonneborn-Berger (Swiss)"]

1. d4 Nf6 2. c4 g6 3. Nc3 d5 4. cxd5 Nxd5 5. e4 Nxc3 6. bxc3 Bg7 7. Nf3 c5 8.
Rb1 O-O 9. Be2 cxd4 10. cxd4 Qa5+ 11. Qd2 Qxd2+ 12. Bxd2 b6 13. O-O Bb7 14. d5
Ba6 15. Bxa6 Nxa6 16. Be3 Rac8 17. Rfc1 Nb8 18. a4 Nd7 19. Kf1 Ne5 20. Nxe5
Bxe5 21. f4 Bd6 22. g3 f6 23. Rxc8 Rxc8 24. Rc1 Rxc1+ 25. Bxc1 Kf7 26. Bb2 Bc5
27. e5 fxe5 28. fxe5 e6 29. d6 a6 30. Ke2 b5 31. axb5 axb5 32. Kd3 Ke8 33. Bd4
Bb4 34. Bc3 Bc5 35. Ke4 Kd7 36. Bb2 Ke8 37. Kf4 Kf7 38. h4 Bb4 39. g4 Bc5 40.
Ke4 Ke8 41. h5 gxh5 42. gxh5 Kf7 43. Bd4 Bb4 44. Kd3 Ke8 45. Kc2 Ba5 46. Kd3
Bb4 47. Ke4 Ba5 48. Kf4 Kf7 49. Bc5 Ke8 50. Kg5 Bd2+ 51. Kf6 Kd7 1/2-1/2

[Event "XXVI Ogolnopolska Olimpiada Mlodziezy"]
[Site "Pulawy"]
[Date "2020.10.08"]
[Round "6.8"]
[White "Malek, Jan"]
[Black "Wydmanski, Szymon"]
[Result "1/2-1/2"]
[WhiteElo "1941"]
[BlackElo "1598"]
[PlyCount "95"]
[EventDate "2020.10.04"]
[EventType "swiss"]
[Tiebreak "Sum of Buchholz+Median1 Buchholz+Sonneborn-Berger (Swiss)"]

1. e4 c5 2. c3 e5 3. Nf3 Nc6 4. Bb5 a6 5. Ba4 b5 6. Bc2 Nf6 7. O-O Be7 8. d4 d6
9. Re1 O-O 10. a4 Bd7 11. d5 Na5 12. Nbd2 c4 13. Nf1 Nb7 14. Ng3 g6 15. h3 Nc5
16. axb5 axb5 17. Be3 Qc7 18. Qe2 Rfb8 19. Nd2 Bf8 20. f4 Re8 21. fxe5 dxe5 22.
Qf2 Be7 23. Nf3 Nb3 24. Bxb3 cxb3 25. Nd2 Reb8 26. Nxb3 Ne8 27. Nc5 Bc8 28. Nd3
f6 29. Bb6 Qc4 30. Rad1 b4 31. cxb4 Bxb4 32. Re2 Qb3 33. Nxb4 Qxd1+ 34. Kh2 Qb3
35. Qc5 Ra4 36. Qe7 Ba6 37. Nxa6 Rxa6 38. Bc5 Ng7 39. d6 Raa8 40. Qxf6 Qe6 41.
Qxe6+ Nxe6 42. b4 Rb5 43. Rd2 Nxc5 44. Rd5 Rxb4 45. Rxc5 Rd8 46. Rxe5 Rxd6 47.
Rg5 Kf7 48. Rg4 1/2-1/2

[Event "XXVI Ogolnopolska Olimpiada Mlodziezy"]
[Site "Pulawy"]
[Date "2020.10.08"]
[Round "6.9"]
[White "Banasiak, Adrianna"]
[Black "Duda, Aleksandra"]
[Result "1-0"]
[WhiteElo "1216"]
[BlackElo "1046"]
[PlyCount "93"]
[EventDate "2020.10.04"]
[EventType "swiss"]
[Tiebreak "Sum of Buchholz+Median1 Buchholz+Sonneborn-Berger (Swiss)"]

1. d4 d5 2. c4 e6 3. Nf3 Nf6 4. Bf4 c6 5. e3 Bb4+ 6. Nc3 Ne4 7. Qb3 Qa5 8. Rc1
O-O 9. cxd5 exd5 10. Bd3 Nf6 11. O-O Bxc3 12. bxc3 Qb6 13. Qc2 h6 14. h3 Qa5
15. Rfe1 Be6 16. Rb1 b6 17. Bd6 c5 18. Bxf8 Kxf8 19. dxc5 bxc5 20. c4 dxc4 21.
Bxc4 Bxc4 22. Qxc4 Nbd7 23. Rb5 Qc7 24. Rc1 Re8 25. Nd2 a6 26. Rb2 Qc6 27. Rbc2
Qb6 28. Qc3 Ne4 29. Nxe4 Rxe4 30. Qd3 Re7 31. Qh7 f6 32. Qh8+ Kf7 33. Qc8 Qd6
34. Qb7 Re5 35. Rb2 Rd5 36. g3 Kg8 37. Qc8+ Kh7 38. Rb7 Rd1+ 39. Rxd1 Qxd1+ 40.
Kh2 Qd2 41. Qc6 Ne5 42. Qe4+ Kg8 43. Rb8+ Kf7 44. Kg2 Nd3 45. Rb7+ Kg8 46. Rb8+
Kf7 47. Qe8# 1-0

[Event "XXVI Ogolnopolska Olimpiada Mlodziezy"]
[Site "Pulawy"]
[Date "2020.10.08"]
[Round "6.9"]
[White "Jozwik, Michal"]
[Black "Karp, Kacper"]
[Result "0-1"]
[WhiteElo "1466"]
[BlackElo "1562"]
[PlyCount "74"]
[EventDate "2020.10.04"]
[EventType "swiss"]
[Tiebreak "Sum of Buchholz+Median1 Buchholz+Sonneborn-Berger (Swiss)"]

1. Nf3 Nf6 2. g3 d5 3. Bg2 e6 4. O-O Be7 5. c4 O-O 6. b3 c5 7. Bb2 Nc6 8. cxd5
exd5 9. d4 b6 10. Qc2 Nb4 11. Qc1 Ba6 12. a3 Nc6 13. Ne5 Rc8 14. Nxc6 Rxc6 15.
Qd2 Re6 16. Nc3 cxd4 17. Qxd4 Bc5 18. Qa4 Bxe2 19. Nxe2 Rxe2 20. Bd4 Qe7 21.
Bxc5 bxc5 22. Rad1 Rd8 23. b4 Ne4 24. Bxe4 Rxe4 25. Qc6 cxb4 26. Rxd5 Rxd5 27.
Qxd5 bxa3 28. Qa8+ Qe8 29. Qxa7 Ra4 30. Qc5 a2 31. Ra1 h6 32. Qc2 Qa8 33. f3
Ra3 34. Qb2 Qxf3 35. Rxa2 Qd1+ 36. Kf2 Rf3+ 37. Kg2 Qf1# 0-1

[Event "XXVI Ogolnopolska Olimpiada Mlodziezy"]
[Site "Pulawy"]
[Date "2020.10.08"]
[Round "6.9"]
[White "Pastuszko, Katarzyna"]
[Black "Janikowska, Wiktoria"]
[Result "0-1"]
[WhiteElo "1251"]
[BlackElo "1580"]
[PlyCount "60"]
[EventDate "2020.10.04"]
[EventType "swiss"]
[Tiebreak "Sum of Buchholz+Median1 Buchholz+Sonneborn-Berger (Swiss)"]

1. e4 c5 2. Nf3 Nc6 3. d4 cxd4 4. Nxd4 g6 5. Nc3 Bg7 6. Nb3 Nf6 7. Bd3 O-O 8.
O-O d5 9. exd5 Nxd5 10. Nxd5 Qxd5 11. Qe2 Bf5 12. Bxf5 Qxf5 13. c3 Rfd8 14. Be3
e5 15. f4 e4 16. Rad1 h5 17. Nc5 b6 18. Nb7 Rd3 19. Nd6 Qd5 20. Nxe4 Rxd1 21.
Rxd1 Qxe4 22. Qf2 Re8 23. Bc1 Na5 24. h3 Qa4 25. Re1 Rxe1+ 26. Qxe1 Qxa2 27.
Qe8+ Kh7 28. Kh2 Qb1 29. Qe1 Nb3 30. Bd2 Qxb2 0-1

[Event "XXVI Ogolnopolska Olimpiada Mlodziezy"]
[Site "Pulawy"]
[Date "2020.10.08"]
[Round "6.9"]
[White "Starosciak, Szymon"]
[Black "Madajczak, Piotr"]
[Result "1/2-1/2"]
[WhiteElo "1926"]
[BlackElo "1814"]
[PlyCount "120"]
[EventDate "2020.10.04"]
[EventType "swiss"]
[Tiebreak "Sum of Buchholz+Median1 Buchholz+Sonneborn-Berger (Swiss)"]

1. e4 d5 2. exd5 Qxd5 3. Nc3 Qd6 4. d4 Nf6 5. Nf3 g6 6. g3 Bg7 7. Bg2 Qa6 8.
Qe2 c6 9. O-O Qxe2 10. Nxe2 O-O 11. c3 Nbd7 12. Nf4 Nb6 13. Re1 Nfd5 14. Nxd5
Nxd5 15. Bd2 h6 16. Ne5 Kh7 17. Nd3 Bf6 18. Be4 Bf5 19. Bxf5 gxf5 20. Bf4 Rfd8
21. Kg2 e6 22. Kf3 Rac8 23. Be5 Kg7 24. Bxf6+ Kxf6 25. Nf4 Nxf4 26. Kxf4 c5 27.
dxc5 Rd2 28. Ke3 Rxb2 29. Reb1 Rxb1 30. Rxb1 Rxc5 31. Kd4 b6 32. f4 Rd5+ 33.
Ke3 Ra5 34. Rb2 Ra3 35. Kd4 Ke7 36. Kc4 Ra5 37. Kb4 Kd6 38. c4 f6 39. Rd2+ Ke7
40. Rf2 Kf7 41. a4 Kg6 42. Rd2 e5 43. Rd7 Kh5 44. Rg7 exf4 45. gxf4 Kh4 46. Rg6
Kh3 47. Rxh6+ Kg4 48. Rxf6 Kxf4 49. Rf7 Kg4 50. c5 Rxc5 51. Rxa7 f4 52. Rb7 Rc6
53. Rg7+ Kf3 54. h4 Rh6 55. h5 Ke2 56. Rg6 Rxh5 57. Rxb6 f3 58. Re6+ Kf1 59. a5
f2 60. a6 Kg2 1/2-1/2

[Event "XXVI Ogolnopolska Olimpiada Mlodziezy"]
[Site "Pulawy"]
[Date "2020.10.08"]
[Round "6.10"]
[White "Arabas, Hanna"]
[Black "Leks, Emilia"]
[Result "0-1"]
[WhiteElo "1110"]
[BlackElo "1211"]
[PlyCount "94"]
[EventDate "2020.10.04"]
[EventType "swiss"]
[Tiebreak "Sum of Buchholz+Median1 Buchholz+Sonneborn-Berger (Swiss)"]

1. e4 d6 2. d4 Nf6 3. Bd3 Nc6 4. Nf3 Bg4 5. Be3 e6 6. Nc3 Be7 7. h3 Bh5 8. Rg1
a6 9. Qd2 Qd7 10. O-O-O O-O-O 11. g4 Bg6 12. a3 Kb8 13. Qe2 d5 14. Ne5 Nxe5 15.
dxe5 d4 16. Bxa6 Nxe4 17. Nxe4 Bxe4 18. Bxd4 Qc6 19. Bb5 Bf3 20. Qe3 Qxb5 21.
Qxf3 Rhf8 22. Qd3 Qa4 23. Qc3 h6 24. Kb1 Rd5 25. Rg3 c5 26. Rgd3 cxd4 27. Rxd4
Rc8 28. Qxc8+ Kxc8 29. Rxa4 Rxd1+ 30. Ka2 Kb8 31. Rf4 f6 32. exf6 Bxf6 33. Re4
Rd2 34. Rxe6 Rxc2 35. Rb6 Rxf2 36. Rb3 Rh2 37. Kb1 Kc7 38. Ka2 Kc6 39. a4 b6
40. Kb1 Kc5 41. Rb5+ Kc6 42. Rb3 Kb7 43. a5 b5 44. Rxb5+ Ka6 45. Rc5 Rxb2+ 46.
Kc1 Rh2 47. Rh5 Bg5+ 0-1

[Event "XXVI Ogolnopolska Olimpiada Mlodziezy"]
[Site "Pulawy"]
[Date "2020.10.08"]
[Round "6.10"]
[White "Krasniewski, Maciej"]
[Black "Stanik, Szymon"]
[Result "1-0"]
[WhiteElo "1525"]
[BlackElo "1201"]
[PlyCount "133"]
[EventDate "2020.10.04"]
[EventType "swiss"]
[Tiebreak "Sum of Buchholz+Median1 Buchholz+Sonneborn-Berger (Swiss)"]

1. e4 c5 2. Nf3 e6 3. d4 cxd4 4. Nxd4 a6 5. Bd3 Qc7 6. Nc3 b5 7. f4 Bb7 8. Nb3
Nf6 9. Qf3 d6 10. O-O Be7 11. Be3 Nbd7 12. a3 Nc5 13. Kh1 O-O 14. Rae1 Rfd8 15.
h3 Rac8 16. Qf2 Qd7 17. e5 Nxd3 18. cxd3 Nd5 19. Ne4 Nxe3 20. Rxe3 Bd5 21. Nbd2
Bxe4 22. Nxe4 d5 23. Ng3 Bc5 24. f5 Bxe3 25. Qxe3 Qe8 26. Nh5 f6 27. Nxg7 Kxg7
28. exf6+ Kxf6 29. fxe6+ Ke7 30. Qe5 Qg8 31. Rf7+ Qxf7 32. exf7+ Kxf7 33. Qf5+
Kg7 34. Kh2 d4 35. h4 Rb8 36. h5 Rf8 37. Qg5+ Kf7 38. Qd5+ Kf6 39. Qxd4+ Kg5
40. Qe5+ Kg4 41. Qe4+ Kxh5 42. Qxh7+ Kg4 43. Qg6+ Kf4 44. Qxa6 Rh8+ 45. Kg1 Ke3
46. Qe6+ Kxd3 47. Qf5+ Kd4 48. Qf6+ Kd3 49. Qc3+ Ke2 50. Qc2+ Ke3 51. b3 Rbc8
52. Qf2+ Kd3 53. Qf3+ Kd2 54. Qd5+ Ke3 55. Qe5+ Kd2 56. Qxb5 Ke3 57. Qe5+ Kd3
58. b4 Rce8 59. Qd5+ Ke2 60. b5 Rc8 61. Qe5+ Kd3 62. Qb2 Kc4 63. b6 Rb8 64. a4
Rhf8 65. a5 Kc5 66. b7 Rfd8 67. Qb6+ 1-0